000 00334nam a2200133Ia 4500
008 240624s9999 xx 000 0 und d
041 _aeng
082 _a920 SIN
100 _aSINGH ARJUN
245 _aGRAIN OF SAND IN THE HOURGLASS OF TIME A
260 _c2012
_aNew Delhi
_bHay House India
300 _a400 : p.
365 _cRS
_b25
999 _c20301
_d20301